Ειδικό χωροταξικό πλαίσιο για τον τουρισμό - οι επιπτώσεις του στην τουριστική ανάπτυξη του Νομού Χίου : ; διπλωματική εργασία
Αποθηκεύτηκε σε:
| Κύριος συγγραφέας: | |
|---|---|
| Συγγραφή απο Οργανισμό/Αρχή: | |
| Μορφή: | Thesis Βιβλίο |
| Γλώσσα: | Greek |
| Δημοσίευση: |
Χίος :
Πανεπιστήμιο Αιγαίου, Τμήμα Διοίκησης Επιχειρήσεων,
2009
|
| Θέματα: | |
| Διαθέσιμο Online: | http://hdl.handle.net/11610/11525 |
| Ετικέτες: |
Προσθήκη ετικέτας
Δεν υπάρχουν, Καταχωρήστε ετικέτα πρώτοι!
|
MARC
| LEADER | 00000cam a2200000 i 4500 | ||
|---|---|---|---|
| 001 | 1/5584 | ||
| 008 | 100312s2009 gre d | ||
| 035 | |l 10107214 | ||
| 040 | |a GR-MY-UA |b gre |e aacr | ||
| 041 | 0 | |a gre | |
| 082 | 0 | |a 711.20949582 |2 (22) | |
| 100 | 1 | |a Κλιαμενάκη, Αργυρώ. | |
| 245 | 1 | 0 | |a Ειδικό χωροταξικό πλαίσιο για τον τουρισμό - οι επιπτώσεις του στην τουριστική ανάπτυξη του Νομού Χίου : |b ; διπλωματική εργασία / |c Αργυρώ Κλιαμενάκη ; επιβλέπων καθηγητής Θ. Σταυρινούδης |
| 260 | |a Χίος : |b Πανεπιστήμιο Αιγαίου, Τμήμα Διοίκησης Επιχειρήσεων, |c 2009 | ||
| 300 | |a 194 σ.; |b σχ.; |c 30 εκ. | ||
| 502 | |a Διατριβή (μεταπτυχιακή) – Πανεπιστήμιο Αιγαίου, Χίος, 2009. | ||
| 650 | 0 | 0 | |a Land use |x Planning |x Evaluation. |
| 650 | 0 | 0 | |a Land use |z Greece |z Chios (Nome) |
| 650 | 0 | |a Tourism |z Greece |z Chios (Nome) | |
| 650 | 0 | 0 | |a Dissertations, Academic |z Greece. |
| 700 | 1 | |a Σταυρινούδης, Θεόδωρος, |e dgs | |
| 710 | 2 | |a Πανεπιστήμιο Αιγαίου |b Σχολή Επιστημών της Διοίκησης |b Τμήμα Διοίκησης Επιχειρήσεων |b Πρόγραμμα Μεταπτυχιακών Σπουδών "Σχεδιασμός, Διοίκηση και Πολιτική του Τουρισμού". | |
| 852 | |a INST |b CHIOS |c DIATR |e 20100312 |h 711.20949582 ΚΛΙ |p 005200029548 |q 005200029548 |t MTXE |y 23 | ||
| 852 | |a INST |b CHIOS |c DIATR |e 20100312 |h 711.20949582 ΚΛΙ |p 005200029549 |q 005200029549 |t MTXE |y 23 | ||
| 856 | |u http://hdl.handle.net/11610/11525 | ||
| 901 | |a BIBL2-2010-1 | ||
| 909 | |a Χ |b 148105 | ||
| 909 | |a Χ |b 148106 | ||
| 924 | |a Κλιαμενάκη |b Αργυρώ |y Χίος |z 2009-09 | ||
| 970 | |a Δέσποινα |b Ατσάλη |z 2010/03/12 | ||